01853nas a2200241Ia 4500001001100000003001000011008004100021040002500062041001300087100002700100210001800127222001800145245010400163250001100267260010000278300001200378310001200390362003700402500052000439501011400959520052001073650001801593R052-S4306IT-CnALBA170116c99999999xx |||||||||||| ||und|| aIT-CnALBAcIT-CnALBA aITALIANO aBRUNETTA GIUSEPPE, SJ. aVIA PASTORALE aVIA PASTORALE 0aVIA PASTORALE. AGOSTO SETTEMBRE 2003. PER OPERATORI PASTORALI. DOSSIER, NEL MONDO MA DA CRISTIANI.  a1a ed. aCINISELLO BALSAMO (MI)bPERIODICI SAN PAOLO ED. c2003 [1° Ed.:2003 - Ed.Ling.Originale: 2003] a122 p.  aMENSILE aFascicolo: 8-9 / Anno: 91 (2003) aSALVO D'ACQUISTO RICORDATO DAI CARABINIERI. AGOSTINO CASAROLI, LA PASTORALE DELLA DIPLOMAZIA. SERVIZI. LA PAROLA. RUBRICHE. DOSSIER. RISPETTO A DIO E ALLE CREATURE E ALLE COSE. RAPPORTO ANNUALE. GESÙ CRISTO NORD E SUD. LA CARITAS VA AIUTATA, NERVO G. SLANCIO E PROFEZIA. IN POLITICA MA PER IL BENE COMUNE. SERIETA' DELLA FEDE. LAVORO CON IL CUORE POPOLARE. ACQUISTI E CAMBIAMENTO ECONOMICO. DALL'ARCOBALENO ALLE BEATITUDINI. PRECETTATI DALLA SOLIDARIETÀ. PIÙ CELEBRAZIONI MENO CERIMONIE. VOCE DEI SENZA VOCE.  aSocietà San Paolo EM - Piazza San Paolo, 14 - 12051 ALBA (CN) (non commercial uses only) ® Copyright 2017 aSALVO D'ACQUISTO RICORDATO DAI CARABINIERI. AGOSTINO CASAROLI, LA PASTORALE DELLA DIPLOMAZIA. SERVIZI. LA PAROLA. RUBRICHE. DOSSIER. RISPETTO A DIO E ALLE CREATURE E ALLE COSE. RAPPORTO ANNUALE. GESÙ CRISTO NORD E SUD. LA CARITAS VA AIUTATA, NERVO G. SLANCIO E PROFEZIA. IN POLITICA MA PER IL BENE COMUNE. SERIETA' DELLA FEDE. LAVORO CON IL CUORE POPOLARE. ACQUISTI E CAMBIAMENTO ECONOMICO. DALL'ARCOBALENO ALLE BEATITUDINI. PRECETTATI DALLA SOLIDARIETÀ. PIÙ CELEBRAZIONI MENO CERIMONIE. VOCE DEI SENZA VOCE.  aRIVISTE VARIE